Macmillan English Grammar in Context. Intermediate with key

Xehetasun bibliografikoak
Egile nagusia: Vince M. Michael
Gaia:A grammar reference book that takes students from the traditional practice of grammar forms through to topic-based practice exercises. Clear, conventional presentation and explanation of intermediate level grammar points. A range of well-known exercise types to build student confidence. Topic-based exercises from areas such as Science, History and The Arts, which practise the grammar in context. Review section for extra practice. Grammar index and Wordlist for easy useIdeal for self-study or classroom use Included on the CD-ROM. A glossary of all words that are highlighted in the book. Extra practice for each unit. Printable tests for each language area.
Hizkuntza:ingelesa
Argitaratua: Oxford, Macmillan, 2008
Gaiak:
Formatua: Liburua
KOHA link:https://koha.lib.tpu.ru/cgi-bin/koha/opac-detail.pl?biblionumber=196569

MARC

LEADER 00000nam0a2200000 4500
001 196569
005 20231101224712.0
010 |a 9781405071406 
035 |a (RuTPU)RU\TPU\book\214440 
090 |a 196569 
100 |a 20110526d2008 m y0rusy50 ca 
101 0 |a eng 
102 |a GB 
105 |a a j 000zy 
200 1 |a Macmillan English Grammar in Context. Intermediate with key  |f M. Vince 
210 |a Oxford  |c Macmillan  |d 2008 
215 |a 232 с.  |c il.  |e CD-ROM 
330 |a A grammar reference book that takes students from the traditional practice of grammar forms through to topic-based practice exercises. Clear, conventional presentation and explanation of intermediate level grammar points. A range of well-known exercise types to build student confidence. Topic-based exercises from areas such as Science, History and The Arts, which practise the grammar in context. Review section for extra practice. Grammar index and Wordlist for easy useIdeal for self-study or classroom use Included on the CD-ROM. A glossary of all words that are highlighted in the book. Extra practice for each unit. Printable tests for each language area. 
606 1 |a Английский язык  |x Учебные руководства и пособия для высшей школы  |x Пособия по грамматике  |2 stltpush  |3 (RuTPU)RU\TPU\subj\29073  |9 52485 
610 1 |a лексика 
610 1 |a CD-ROM 
610 1 |a чтение 
610 1 |a письмо 
610 1 |a упражнения 
686 |a Ш143.21-923.2  |v LBC/SL-A  |2 rubbk 
700 1 |a Vince  |b M.  |g Michael 
801 1 |a RU  |b 63413507  |c 20110526 
801 2 |a RU  |b 63413507  |c 20201110  |g RCR 
942 |c BK